Adobe indesign: (Record no. 160376)

MARC details
000 -LEADER
fixed length control field 00547nam a22001817a 4500
005 - DATE AND TIME OF LATEST TRANSACTION
control field 20190128131232.0
010 ## - LCCN (DPL NO)
LC control number ENG-124659
020 ## - INTERNATIONAL STANDARD BOOK NUMBER
International Standard Book Number 9789350577974
Terms of availability 195.00
035 ## - SYSTEM CONTROL NUMBER
System control number EN-108191
037 ## - SOURCE OF ACQUISITION
Source of stock number/acquisition DBAD/PUB
082 ## - DEWEY DECIMAL CLASSIFICATION NUMBER
Classification number 686.22544536
100 ## - MAIN ENTRY--PERSONAL NAME
Personal name Bittu Kumar
245 ## - TITLE STATEMENT
Title Adobe indesign:
Statement of responsibility, etc by Bittu Kumar
Remainder of title design basics/
260 ## - PUBLICATION, DISTRIBUTION, ETC. (IMPRINT)
Place of publication, distribution, etc New Delhi
Name of publisher, distributor, etc V & S Publishers
Date of publication, distribution, etc 2017
270 ## - ADDRESS
Address F-2/16, Ansari Road, Daryaganj,
City New Delhi
Postal code 110002
300 ## - PHYSICAL DESCRIPTION
Extent 91p.
Dimensions 25cm.(pbk)
Other physical details ill.
942 ## - ADDED ENTRY ELEMENTS (KOHA)
Source of classification or shelving scheme Dewey Decimal Classification
Item type English Books
Call number suffix BIT
Classification part 686.22544536
Holdings
Withdrawn status Lost status Not for loan Collection code Home library Current library Date acquired Source of acquisition Cost, normal purchase price Full call number Barcode Copy number Cost, replacement price Koha item type
    Not For Loan Non-fiction D.B.Act.Division Ashok Vihar 28/01/2019 DBAD/PUB 195.00 686.22544536 BIT EN-108191 1 195.00 English Books

© Delhi Public Library
Hit Counter
free hit counter